Superhero Movies - Sudden Death - Statistics

General Stats
  • This quiz has been taken 1,360 times
  • The average score is 14 of 18
Answers on the Grid
Answers color-coded by a green-red scale on the quiz's grid according to % correct below.
Aquaman
Avatar
Black Adam
Black Panther
Blue Beetle
Fantastic Four
Forrest Gump
Godzilla
Guardians of the Galaxy
Home Alone
Hulk
It
Jurassic World
Kick-Ass
Logan
Madame Web
Megamind
Shazam!
Star Wars
The Avengers
The Dark Knight
The English Patient
The Fast and the Furious
The Incredibles
The Lion King
The Shawshank Redemption
Thor
Titanic
Venom
Watchmen
 
Answer Stats
Answer % Correct
Aquaman
98%
Hulk
90%
Fantastic Four
89%
Black Panther
88%
The Avengers
86%
Thor
86%
Guardians of the Galaxy
85%
The Dark Knight
85%
Venom
81%
Black Adam
80%
Shazam!
80%
The Incredibles
80%
Logan
75%
Madame Web
72%
Blue Beetle
70%
Megamind
68%
Kick-Ass
67%
Watchmen
65%
No matching quizzes found
Score Distribution
Percent of People with Each Score
Percentile by Number Answered
Your Score History
You have not taken this quiz